000 00686nam a22002057a 4500
005 20251108165814.0
008 250721s1989 xx 000 0 ara d
082 1 4 _aط/219.5/ محا
100 1 _aالمحامي، محمد كامل حسن
245 1 0 _aعثمان بن عفان /
264 1 _aبيروت :
_bالمكتب العالمي للطباعة و النشر و التوزيع،
_c1989.
300 _a128ص.
490 0 _aعظماء الإسلام
650 1 7 _aالصحابة و التابعون
650 1 7 _aالسيرة النبوية
653 _aناشئون كبار (18-15 سنة)
653 _aعثمان بن عفان
942 _2ddc
_cBK
999 _c31762
_d31762